| 000 | 00390nam a22001577a 4500 | ||
|---|---|---|---|
| 003 | OSt | ||
| 008 | 250113b |||||||| |||| 00| 0 eng d | ||
| 041 | _aeng | ||
| 082 |
_a631.1 _bMIC/PR |
||
| 100 |
_aMichael, AM _96834 |
||
| 245 | _aPrinciples of Agricultural Engineering Vol.1 | ||
| 250 | _a2nd | ||
| 260 |
_aNew Delhi: _bJain Brothers, _c1985. |
||
| 700 |
_aOjha, TP _96835 |
||
| 942 | _cBK | ||
| 999 |
_c19015 _d19015 |
||